[Event "Lugano op 10"]
[Site "Lugano"]
[Date "2021.10.31"]
[Round "3"]
[White "Valette, Christian"]
[Black "Loeffler, Markus"]
[Result "0-1"]
[WhiteElo "1941"]
[BlackElo "2293"]
[PlyCount "64"]
[EventDate "2021.10.29"]
[EventType "swiss"]
[EventRounds "5"]
[EventCountry "SUI"]
[SourceTitle "CBM 205 Extra"]
[Source "ChessBase"]
[SourceDate "2022.01.31"]
[SourceVersion "1"]
[SourceVersionDate "2022.01.31"]
[SourceQuality "1"]

1. Nf3 Nf6 2. b3 d5 3. Bb2 Bf5 4. e3 e6 5. Be2 h6 6. 0-0 Nbd7 7. c4 c6 8. Nc3 Bd6 9. d3 0-0 10. Re1 Bh7 11. Bf1 a5 12. a3 Re8 13. e4 dxe4 14. dxe4 Ne5 15. g3 Nxf3+ 16. Qxf3 e5 17. Bh3 Qe7 18. Bf5 Red8 19. h4 Nd7 20. Bxh7+ Kxh7 21. Red1 Kg8 22. Na4 Nc5 23. Nxc5 Bxc5 24. Qf5 Bd4 25. Bxd4 Rxd4 26. Rdc1 Rad8 27. Rab1 g6 28. Qg4 h5 29. Qe2 Qxa3 30. c5 Qb4 31. Rc4 Rxc4 32. Qxc4 Rd4 0-1

[Event "Lugano op 10"]
[Site "Lugano"]
[Date "2021.10.29"]
[Round "1"]
[White "Valette, Christian"]
[Black "Dorofeev, Arseniy"]
[Result "1-0"]
[WhiteElo "1941"]
[BlackElo "1325"]
[PlyCount "47"]
[EventDate "2021.10.29"]
[EventType "swiss"]
[EventRounds "5"]
[EventCountry "SUI"]
[SourceTitle "CBM 205 Extra"]
[Source "ChessBase"]
[SourceDate "2022.01.31"]
[SourceVersion "1"]
[SourceVersionDate "2022.01.31"]
[SourceQuality "1"]

1. Nf3 c5 2. e3 d5 3. b3 Bg4 4. Bb2 Nd7 5. h3 Bxf3 6. Qxf3 e6 7. c4 Ngf6 8. cxd5 Nxd5 9. Nc3 Nb4 10. 0-0-0 Nc6 11. d4 cxd4 12. exd4 Bb4 13. Qg3 0-0 14. d5 Ne7 15. dxe6 fxe6 16. Bc4 Rf6 17. Ne4 Rg6 18. Bxe6+ Kh8 19. Ng5 Qc8+ 20. Kb1 Qc6 21. Nf7+ Kg8 22. Rxd7 Rxe6 23. Nd6 Rxd6 24. Qxg7# 1-0

[Event "Cattolica op-A 8th"]
[Site "Cattolica"]
[Date "2021.05.30"]
[Round "4"]
[White "Valette, Christian"]
[Black "Nilssen, Ellen Fredericia"]
[Result "0-1"]
[WhiteElo "1965"]
[BlackElo "2121"]
[PlyCount "82"]
[EventDate "2021.05.27"]
[EventType "swiss"]
[EventRounds "9"]
[EventCountry "ITA"]
[SourceTitle "CBM 203 Extra"]
[Source "ChessBase"]
[SourceDate "2021.09.30"]
[SourceVersion "1"]
[SourceVersionDate "2021.09.30"]
[SourceQuality "1"]

1. Nf3 Nf6 2. d4 g6 3. g3 Bg7 4. Bg2 0-0 5. 0-0 d5 6. c4 dxc4 7. Na3 c3 8. bxc3 c5 9. Rb1 Nc6 10. e3 Rb8 11. Nc4 Bf5 12. Rb2 Nd5 13. Qd2 Be4 14. Nh4 Bxg2 15. Nxg2 b5 16. Na3 b4 17. cxb4 cxd4 18. b5 dxe3 19. Nxe3 Nxe3 20. Qxe3 Bxb2 21. Bxb2 e5 22. bxc6 Rxb2 23. Nc4 Rxa2 24. Nxe5 Qd2 25. Qf3 Rc2 26. Qf6 Qd4 27. Re1 a5 28. Qf3 Rc3 29. Qf6 a4 30. h4 h5 31. Qg5 Rc2 32. Rf1 Rc5 33. Re1 a3 34. Qe7 Rc2 35. Rf1 Re2 36. c7 Qxe5 37. Qxf8+ Kxf8 38. c8Q+ Kg7 39. Qc1 a2 40. Qa1 Qb2 41. Kg2 Rxf2+ 0-1

[Event "Cattolica op-A 8th"]
[Site "Cattolica"]
[Date "2021.05.29"]
[Round "3"]
[White "Adrian, Leopold"]
[Black "Valette, Christian"]
[Result "1-0"]
[WhiteElo "2009"]
[BlackElo "1965"]
[PlyCount "115"]
[EventDate "2021.05.27"]
[EventType "swiss"]
[EventRounds "9"]
[EventCountry "ITA"]
[SourceTitle "CBM 203 Extra"]
[Source "ChessBase"]
[SourceDate "2021.09.30"]
[SourceVersion "1"]
[SourceVersionDate "2021.09.30"]
[SourceQuality "1"]

1. c4 g6 2. Nf3 Bg7 3. g3 d6 4. Bg2 e5 5. d4 Nd7 6. 0-0 Ne7 7. Nc3 0-0 8. e4 exd4 9. Nxd4 Ne5 10. b3 N7c6 11. Nxc6 bxc6 12. Bb2 Rb8 13. Qd2 Bh3 14. Nd1 Bxg2 15. Kxg2 Re8 16. Re1 Qe7 17. f4 Ng4 18. Bxg7 Kxg7 19. h3 Nf6 20. Nf2 Nd7 21. Rad1 f6 22. b4 c5 23. b5 Nb6 24. Qc2 Qf7 25. Rc1 a6 26. bxa6 Ra8 27. Qc3 Rxa6 28. e5 fxe5 29. fxe5 Rxa2 30. exd6+ Kh6 31. Rf1 Ree2 32. Kg1 Rxf2 33. Qe3+ g5 34. Rxf2 Rxf2 35. Qxf2 Qxf2+ 36. Kxf2 cxd6 37. Kf3 Kg6 38. Ke4 Kf6 39. Rb1 Nxc4 40. Kd5 Ne3+ 41. Ke4 Nc4 42. Rb8 Ne5 43. Kd5 Nf7 44. Rb1 h6 45. Re1 h5 46. Re2 Nh6 47. Re6+ Kg7 48. Ke4 Nf7 49. Kf5 c4 50. Re7 Kf8 51. Rc7 g4 52. Kf6 Nd8 53. h4 d5 54. Rd7 Ke8 55. Rxd5 Nf7 56. Rc5 Nd6 57. Ke6 Nb7 58. Rxc4 1-0

[Event "Cattolica op-A 8th"]
[Site "Cattolica"]
[Date "2021.05.27"]
[Round "1"]
[White "Bifulco, Michel"]
[Black "Valette, Christian"]
[Result "1-0"]
[WhiteElo "2232"]
[BlackElo "1965"]
[PlyCount "85"]
[EventDate "2021.05.27"]
[EventType "swiss"]
[EventRounds "9"]
[EventCountry "ITA"]
[SourceTitle "CBM 203 Extra"]
[Source "ChessBase"]
[SourceDate "2021.09.30"]
[SourceVersion "1"]
[SourceVersionDate "2021.09.30"]
[SourceQuality "1"]

1. e4 e6 2. d4 d5 3. Bd3 Nf6 4. e5 Nfd7 5. c3 c5 6. Ne2 Nc6 7. a3 Qb6 8. b4 cxd4 9. cxd4 Qd8 10. 0-0 g6 11. Nd2 Bg7 12. Nf3 h6 13. Be3 Nb6 14. Rc1 Bd7 15. h4 Ne7 16. Ng3 Rc8 17. Nd2 Nf5 18. h5 Rxc1 19. Qxc1 Nxe3 20. fxe3 g5 21. Nb3 0-0 22. Nc5 Bc8 23. a4 Qe7 24. a5 Nd7 25. e4 Nxc5 26. bxc5 f6 27. exf6 Rxf6 28. Rxf6 Qxf6 29. e5 Qd8 30. Qc3 Qf8 31. Ne2 Qe8 32. Bg6 Qd7 33. Qb4 Qc7 34. Nc3 Bd7 35. Nb5 Bxb5 36. Qxb5 Qc8 37. Be8 Qc7 38. a6 bxa6 39. Qxa6 Qe7 40. Bg6 Bf8 41. Qf1 Qc7 42. c6 Bg7 43. Qf7+ 1-0

[Event "Bayern-chI Bank Hofmann 22nd"]
[Site "Tegernsee"]
[Date "2018.10.29"]
[Round "3"]
[White "Bussard, Christian"]
[Black "Valette, Christian"]
[Result "1/2-1/2"]
[WhiteElo "2283"]
[BlackElo "2016"]
[PlyCount "145"]
[EventDate "2018.10.27"]
[EventType "swiss"]
[EventRounds "9"]
[EventCountry "GER"]
[SourceTitle "CBM 187 Extra"]
[Source "ChessBase"]
[SourceDate "2018.11.04"]
[SourceVersion "1"]
[SourceVersionDate "2018.11.04"]
[SourceQuality "1"]

1. d4 e6 2. Bf4 f5 3. Nf3 Nf6 4. e3 d6 5. Nbd2 Nc6 6. c3 Be7 7. h3 a6 8. a4 0-0 9. Qc2 Qe8 10. Bc4 Kh8 11. g4 Bd7 12. Bd3 Nd5 13. Bh2 g6 14. 0-0-0 b5 15. e4 fxe4 16. Bxe4 Nf4 17. h4 b4 18. h5 g5 19. c4 b3 20. Qxb3 Rb8 21. Qe3 Nb4 22. Bxf4 gxf4 23. Qa3 d5 24. Bb1 Bxa4 25. c5 Bxd1 26. Rxd1 Bf6 27. g5 Bd8 28. g6 h6 29. g7+ Kxg7 30. Rg1+ Kh8 31. Ne5 Rg8 32. Ng6+ Rxg6 33. Rxg6 Bg5 34. Qh3 Qb5 35. Qxe6 Re8 36. Rxh6+ Bxh6 37. Qxh6+ Kg8 38. Bh7+ Kf7 39. Bg6+ Ke7 40. Qg5+ Kd7 41. Bf5+ Kc6 42. Qg6+ Kb7 43. c6+ Qxc6+ 44. Qxc6+ Nxc6 45. Nf3 Rh8 46. Bg6 Kc8 47. Kd2 Kd8 48. Ng5 Ke7 49. Kd3 Nd8 50. Kc3 Kf6 51. Nf3 Nc6 52. Ne1 Ne7 53. Bd3 Rxh5 54. Bxa6 Rh1 55. Nd3 Ra1 56. Nc5 Nf5 57. Bb5 Nd6 58. Bc6 Rf1 59. Nd3 Ne4+ 60. Kc2 Nxf2 61. Nxf4 Kf5 62. Nxd5 Ke4 63. Nxc7+ Kxd4 64. b4 Ng4 65. Kb3 Ne5 66. Ne6+ Ke3 67. Be8 Rf6 68. Nc7 Kd4 69. Ka4 Nc4 70. b5 Rh6 71. Bc6 Rf6 72. Na6 Ne5 73. Nc5 1/2-1/2

[Event "Avoine op 32nd"]
[Site "Avoine"]
[Date "2017.07.22"]
[Round "1"]
[White "Valette, Christian"]
[Black "Colin, Vincent"]
[Result "1/2-1/2"]
[WhiteElo "2069"]
[BlackElo "2373"]
[PlyCount "102"]
[EventDate "2017.07.22"]
[EventType "swiss"]
[EventRounds "9"]
[EventCountry "FRA"]
[SourceTitle "CBM 179 Extra"]
[Source "ChessBase"]
[SourceDate "2017.08.23"]
[SourceVersion "1"]
[SourceVersionDate "2017.08.23"]
[SourceQuality "1"]

1. d4 Nf6 2. Nf3 g6 3. c4 Bg7 4. Nc3 0-0 5. e4 d6 6. Be2 Na6 7. 0-0 e5 8. dxe5 dxe5 9. Qxd8 Rxd8 10. Bg5 Re8 11. Rfe1 h6 12. Be3 Ng4 13. Bc1 c6 14. h3 Nf6 15. Be3 Nd7 16. a3 Nac5 17. b4 Ne6 18. Red1 a5 19. Bf1 Nd4 20. Rab1 Nxf3+ 21. gxf3 Nf8 22. b5 Ne6 23. Na4 Nd4 24. Nb6 Rb8 25. Kg2 Be6 26. Bd2 cxb5 27. Bxa5 bxc4 28. Bxc4 Bxc4 29. Nxc4 Bf8 30. Bc7 Rbc8 31. Nd6 Bxd6 32. Bxd6 Rcd8 33. Bc5 Ne6 34. Rxd8 Rxd8 35. Be3 Rd7 36. Rb5 f6 37. Kg3 g5 38. h4 gxh4+ 39. Kxh4 Kh7 40. Rb6 Re7 41. Kh5 Ng7+ 42. Kh4 Kg6 43. Bc5 Rc7 44. Bd6 Rc3 45. Bxe5 Rxf3 46. Bd6 Rxf2 47. Rxb7 Re2 48. Rb4 f5 49. Be5 Ne6 50. exf5+ Kxf5 51. Bg3 Re4+ 1/2-1/2

[Event "Rochefort op-A16th"]
[Site "Rochefort"]
[Date "2017.02.18"]
[Round "1"]
[White "Valette, Christian"]
[Black "Daulyte Cornette, Deimante"]
[Result "0-1"]
[WhiteElo "2077"]
[BlackElo "2447"]
[PlyCount "70"]
[EventDate "2017.02.18"]
[EventType "swiss"]
[EventRounds "9"]
[EventCountry "FRA"]
[SourceTitle "CBM 177 Extra"]
[Source "ChessBase"]
[SourceDate "2017.04.27"]
[SourceVersion "1"]
[SourceVersionDate "2017.04.27"]
[SourceQuality "1"]

1. d4 Nf6 2. Nf3 e6 3. e3 d5 4. Bd3 c5 5. b3 Nc6 6. Bb2 b6 7. Nbd2 Bb7 8. a3 Bd6 9. Ne5 0-0 10. f4 Ne7 11. 0-0 Ne4 12. Qe2 f6 13. Ng4 Qd7 14. Rad1 Nxd2 15. Rxd2 Qc7 16. h3 Nf5 17. Bxf5 exf5 18. Nh2 Rae8 19. Qf2 Re4 20. Rdd1 Rfe8 21. Rfe1 Qe7 22. Nf3 Rxe3 23. g3 Re4 24. Rxe4 dxe4 25. Nh4 e3 26. Qe2 Qe4 27. Ng2 cxd4 28. Bxd4 Bxa3 29. c3 Bc5 30. Bxc5 bxc5 31. Kh2 Kf8 32. Re1 g5 33. Kg1 Rd8 34. Qb5 Rd2 35. Qf1 Rf2 0-1

[Event "Zadar op-B 23rd"]
[Site "Zadar"]
[Date "2016.12.12"]
[Round "3"]
[White "Valette, Christian"]
[Black "Thier, Robert"]
[Result "1-0"]
[WhiteElo "2084"]
[BlackElo "1859"]
[PlyCount "69"]
[EventDate "2016.12.11"]
[EventType "swiss"]
[EventRounds "9"]
[EventCountry "CRO"]
[SourceTitle "CBM 176 Extra"]
[Source "ChessBase"]
[SourceDate "2017.03.02"]
[SourceVersion "1"]
[SourceVersionDate "2017.03.02"]
[SourceQuality "1"]

1. d4 d5 2. Nf3 Nf6 3. c4 c6 4. Qc2 e6 5. Bg5 Nbd7 6. e3 Qa5+ 7. Nbd2 Ne4 8. cxd5 cxd5 9. Bd3 Ndf6 10. 0-0 Nxg5 11. Nxg5 Bd6 12. f4 Bd7 13. Rac1 h6 14. Ngf3 0-0 15. Nb3 Qb6 16. Nc5 Bb5 17. Qb1 Bxd3 18. Qxd3 Rfc8 19. b4 Bxc5 20. bxc5 Qa5 21. Rc2 Rc7 22. Ne5 Ne4 23. Rb1 b6 24. cxb6 Rxc2 25. b7 Rb8 26. Qxc2 Nd6 27. h3 Qa6 28. Qc7 Rxb7 29. Rxb7 Nxb7 30. Qxf7+ Kh7 31. Ng6 Nd8 32. Nf8+ Kh8 33. Qe8 Qa5 34. Nxe6+ Kh7 35. Nxd8 1-0

[Event "Avoine op 25th"]
[Site "Avoine"]
[Date "2010.07.19"]
[Round "3"]
[White "Drenchev, Petar"]
[Black "Valette, Christian"]
[Result "1-0"]
[WhiteElo "2514"]
[BlackElo "2088"]
[PlyCount "109"]
[EventDate "2010.07.17"]
[EventType "swiss"]
[EventRounds "9"]
[EventCountry "FRA"]
[SourceTitle "EXT 2011"]
[Source "ChessBase"]
[SourceDate "2010.11.26"]
[SourceVersion "1"]
[SourceVersionDate "2010.11.26"]
[SourceQuality "1"]

1. Nf3 d5 2. g3 Nf6 3. Bg2 Bf5 4. 0-0 h6 5. c4 c6 6. cxd5 cxd5 7. Qb3 Nbd7 8. Qxb7 e6 9. Qb3 Rb8 10. Qd1 Qb6 11. Nc3 Bd6 12. d3 0-0 13. b3 Rfc8 14. Bb2 Qa5 15. Na4 Rc7 16. Rc1 Rbc8 17. Rxc7 Rxc7 18. Qa1 Bg4 19. Rc1 Kf8 20. Rxc7 Qxc7 21. Qc1 Qxc1+ 22. Bxc1 e5 23. Kf1 Ke7 24. Ne1 Be6 25. Nc2 Kd8 26. Ba3 Kc7 27. e3 Bxa3 28. Nxa3 a6 29. Ke2 Kd6 30. Nc2 Ne8 31. Kd2 Nc7 32. Nc3 Nb8 33. d4 e4 34. Bf1 Bd7 35. Be2 f5 36. f3 Bc6 37. fxe4 fxe4 38. Bg4 Bd7 39. Be2 Bc6 40. Nb4 Bd7 41. Bh5 Nc6 42. Nxc6 Bxc6 43. b4 Bd7 44. a4 Bc6 45. Be2 Bd7 46. b5 axb5 47. Nxb5+ Bxb5 48. Bxb5 Ne6 49. a5 Kc7 50. h4 g5 51. hxg5 hxg5 52. Kc3 Ng7 53. g4 Ne6 54. Kb4 Kb7 55. Bd7 1-0

[Event "Angers op 5th"]
[Site "Angers"]
[Date "2010.04.24"]
[Round "3"]
[White "Meunier, Thomas"]
[Black "Valette, Christian"]
[Result "0-1"]
[WhiteElo "1699"]
[BlackElo "2094"]
[PlyCount "52"]
[EventDate "2010.04.23"]
[EventType "swiss"]
[EventRounds "6"]
[EventCountry "FRA"]
[SourceTitle "EXT 2011"]
[Source "ChessBase"]
[SourceDate "2010.11.26"]
[SourceVersion "1"]
[SourceVersionDate "2010.11.26"]
[SourceQuality "1"]

1. d4 Nf6 2. c4 e6 3. Nc3 Bb4 4. e3 c5 5. Nf3 0-0 6. Bd3 Nc6 7. Qc2 cxd4 8. exd4 d5 9. cxd5 exd5 10. 0-0 Bg4 11. Ne5 Nxd4 12. Bxh7+ Nxh7 13. Qd3 Bxc3 14. Nxg4 Qc7 15. Rb1 Rfe8 16. Ne3 Nf6 17. bxc3 Qxc3 18. Qxc3 Ne2+ 19. Kh1 Nxc3 20. Rxb7 d4 21. Nf5 d3 22. Bb2 Nce4 23. f3 Nc5 24. Rc7 d2 25. Rxc5 Re1 26. Rc1 Rae8 0-1

[Event "Angers op 5th"]
[Site "Angers"]
[Date "2010.04.23"]
[Round "1"]
[White "Mauget, Jean Pierre"]
[Black "Valette, Christian"]
[Result "1-0"]
[WhiteElo "1848"]
[BlackElo "2094"]
[PlyCount "115"]
[EventDate "2010.04.23"]
[EventType "swiss"]
[EventRounds "6"]
[EventCountry "FRA"]
[SourceTitle "EXT 2011"]
[Source "ChessBase"]
[SourceDate "2010.11.26"]
[SourceVersion "1"]
[SourceVersionDate "2010.11.26"]
[SourceQuality "1"]

1. d4 d5 2. c4 e6 3. Nf3 c5 4. e3 Nf6 5. Bd3 Nc6 6. Nc3 a6 7. 0-0 dxc4 8. Bxc4 b5 9. Be2 Bb7 10. dxc5 Bxc5 11. a3 Qe7 12. b4 Ba7 13. Bb2 0-0 14. Qb3 Rac8 15. Rac1 Ng4 16. Nb1 Bb8 17. Nbd2 Nce5 18. h3 Nxf3+ 19. Nxf3 Bxf3 20. Bxf3 Nh2 21. Rfd1 Nxf3+ 22. gxf3 Qg5+ 23. Kf1 Qf5 24. Ke2 Rxc1 25. Rxc1 f6 26. Rc6 Kf7 27. h4 Re8 28. Qd3 Qxd3+ 29. Kxd3 Rd8+ 30. Ke2 Rd6 31. Rc8 Rb6 32. Bd4 Rb7 33. Rc6 e5 34. Bc5 Kg6 35. Rxa6 Kh5 36. a4 bxa4 37. Rxa4 Kxh4 38. b5+ Kh3 39. b6 h5 40. Ra1 Kg2 41. Ra4 g5 42. f4 exf4 43. exf4 g4 44. f5 Rd7 45. Ra8 Rb7 46. Ra4 Rg7 47. Ra8 h4 48. Rxb8 g3 49. fxg3 h3 50. Rh8 h2 51. Bd6 Rb7 52. Bc7 h1Q 53. Rxh1 Kxh1 54. Kf3 Kh2 55. g4+ Kh3 56. g5 fxg5 57. Kf2 g4 58. Kg1 1-0

[Event "FRA-chT2 0910"]
[Site "France"]
[Date "2009.11.22"]
[Round "4.4"]
[White "Valette, Christian"]
[Black "Debeaune, Robin"]
[Result "1-0"]
[WhiteElo "2087"]
[BlackElo "2168"]
[PlyCount "153"]
[EventDate "2009.09.27"]
[EventType "team-tourn"]
[EventRounds "11"]
[EventCountry "FRA"]
[SourceTitle "EXT 2011"]
[Source "ChessBase"]
[SourceDate "2010.11.26"]
[SourceVersion "1"]
[SourceVersionDate "2010.11.26"]
[SourceQuality "1"]

1. Nf3 g6 2. d4 Bg7 3. c4 Nf6 4. g3 0-0 5. Bg2 d6 6. 0-0 c6 7. Nc3 Nbd7 8. Qc2 a6 9. h3 Rb8 10. Bg5 b5 11. Nd2 Bb7 12. Rfc1 h6 13. Be3 Nb6 14. b3 d5 15. Nd1 Rc8 16. Nb2 Ne8 17. Nf3 Nd7 18. cxd5 cxd5 19. Qd2 Kh7 20. Nd3 Nd6 21. Rxc8 Qxc8 22. Rc1 Qb8 23. Qb4 Rc8 24. Nc5 Nxc5 25. dxc5 Nf5 26. Bd2 e5 27. h4 Bc6 28. Bh3 Bd7 29. h5 Qc7 30. hxg6+ fxg6 31. Kg2 Qc6 32. Kh2 e4 33. Bxf5 Bxf5 34. Nd4 Qf6 35. Be3 Bg4 36. Qd2 Qe5 37. Kg2 h5 38. b4 Bf6 39. Nb3 h4 40. Bd4 h3+ 41. Kh2 Qf5 42. Qf4 Qxf4 43. gxf4 Bd8 44. e3 Bc7 45. Rg1 Bf5 46. Bf6 Rf8 47. Bg5 Ra8 48. Rd1 Be6 49. Nd4 Bc8 50. Be7 Kg7 51. Rc1 Kf7 52. Bg5 Bb8 53. Rc3 Ke8 54. Ra3 Ba7 55. Bf6 Kf7 56. Be5 g5 57. fxg5 Kg6 58. Rc3 Kxg5 59. Rc1 Bg4 60. Rg1 Kh5 61. Bf4 Rc8 62. Nf5 Rg8 63. Ne7 Rd8 64. Nc6 Ra8 65. Ne5 Rg8 66. Nxg4 Rxg4 67. Rxg4 Kxg4 68. c6 Bb6 69. c7 Bxc7 70. Bxc7 Kf3 71. Bg3 Ke2 72. Kxh3 Kd3 73. Kg4 Kc3 74. Bd6 Kd3 75. Bc5 Kc2 76. Kf4 Kd3 77. Ke5 1-0

[Event "Le Touquet op-A 24th"]
[Site "Le Touquet"]
[Date "2009.10.25"]
[Round "2"]
[White "Therkildsen, Thomas"]
[Black "Valette, Christian"]
[Result "0-1"]
[WhiteElo "2306"]
[BlackElo "2087"]
[PlyCount "92"]
[EventDate "2009.10.24"]
[EventType "swiss"]
[EventRounds "9"]
[EventCountry "FRA"]
[SourceTitle "EXT 2010"]
[Source "ChessBase"]
[SourceDate "2010.11.25"]
[SourceVersion "1"]
[SourceVersionDate "2010.11.25"]
[SourceQuality "1"]

1. e4 e6 2. Nf3 d5 3. e5 Bd7 4. h4 h5 5. a3 a5 6. g3 c5 7. Bh3 Nc6 8. c3 Nh6 9. 0-0 a4 10. d3 Qb6 11. Nbd2 g6 12. b4 axb3 13. Nxb3 Na5 14. Nbd2 Bg7 15. Rb1 Qc7 16. c4 dxc4 17. Ne4 0-0 18. Nf6+ Kh8 19. Bf4 Bc6 20. dxc4 Nxc4 21. Qc1 Bxf3 22. Bxh6 Qxe5 23. Nd7 Qd5 24. Nxf8 Rxf8 25. Rb3 Bxh6 26. Qxh6+ Kg8 27. Bxe6 Qxe6 28. Rxf3 Ne5 29. Re3 Qd5 30. Qf4 Ng4 31. Re7 b5 32. Qe4 Qxe4 33. Rxe4 Rc8 34. Ra1 Kg7 35. f3 Nf6 36. Re5 b4 37. a4 b3 38. Re2 c4 39. Rb2 Nd7 40. a5 Nc5 41. Ra3 Kf6 42. f4 Kf5 43. Re2 Nd3 44. Re7 Rb8 45. Ra1 c3 46. Re2 c2 0-1

[Event "Syre Memorial op 32nd"]
[Site "Issy les Moulineaux"]
[Date "2009.05.23"]
[Round "4"]
[White "Vidal, Llewellyn"]
[Black "Valette, Christian"]
[Result "1/2-1/2"]
[WhiteElo "1909"]
[BlackElo "2102"]
[PlyCount "24"]
[EventDate "2009.05.21"]
[EventType "swiss"]
[EventRounds "6"]
[EventCountry "FRA"]
[SourceTitle "EXT 2010"]
[Source "ChessBase"]
[SourceDate "2010.11.25"]
[SourceVersion "1"]
[SourceVersionDate "2010.11.25"]
[SourceQuality "1"]

1. e4 e6 2. d4 d5 3. exd5 exd5 4. Bd3 Bd6 5. Nf3 Ne7 6. 0-0 Bf5 7. Bxf5 Nxf5 8. Re1+ Ne7 9. Bg5 0-0 10. Bxe7 Bxe7 11. Nbd2 c6 12. c3 Bd6 1/2-1/2

[Event "Avoine op"]
[Site "Avoine"]
[Date "2006.02.25"]
[Round "4"]
[White "Spitz, Christophe"]
[Black "Valette, Christian"]
[Result "1/2-1/2"]
[WhiteElo "2150"]
[BlackElo "2111"]
[PlyCount "102"]
[EventDate "2006.02.24"]
[EventType "swiss"]
[EventRounds "7"]
[EventCountry "FRA"]
[SourceTitle "EXT 2007"]
[Source "ChessBase"]
[SourceDate "2006.11.23"]
[SourceVersion "1"]
[SourceVersionDate "2006.11.23"]
[SourceQuality "1"]

1. e4 e6 2. d4 d5 3. e5 c5 4. c3 Qb6 5. Nf3 Nc6 6. a3 Nh6 7. b4 cxd4 8. cxd4 Nf5 9. Be3 Bd7 10. Be2 Rc8 11. 0-0 Be7 12. g4 Nxe3 13. fxe3 f6 14. exf6 gxf6 15. Ra2 0-0 16. Kh1 Kh8 17. Bd3 Rg8 18. Rg2 Rg7 19. Rfg1 Rcg8 20. Nc3 Qd8 21. Bb1 Be8 22. Ne2 Bd6 23. Nf4 Bf7 24. Nh3 Be7 25. Qe1 a6 26. Qh4 e5 27. Bf5 Bg6 28. Qf2 Bxf5 29. gxf5 Rxg2 30. Rxg2 Rxg2 31. Qxg2 Qg8 32. Nf2 Qxg2+ 33. Kxg2 Kg7 34. dxe5 Nxe5 35. Nxe5 fxe5 36. e4 dxe4 37. Nxe4 a5 38. f6+ Bxf6 39. b5 Be7 40. a4 Kf7 41. Kf3 Ke6 42. Ke3 Kd5 43. Kd3 h6 44. h3 b6 45. Nc3+ Kc5 46. Ke4 Bd8 47. Nd5 Kc4 48. Kxe5 Kb3 49. Kd6 Kxa4 50. Kc6 Kb3 51. Nxb6 Bxb6 1/2-1/2